Nghề dệt và trang phụ cổ truyện của dân tộc Cơ Tu tỉnh Quảng Nam
Nội dung sách bao gồm: Khái quát chung, Chương I: Nghề dệt cổ truyền của dân tộc Cơ tu, Chương II: Trang phục cổ truyền của dân tộc Cơ Tu, Chương III: Nghệ thuật trang sức và hệ thống biểu tượng trong trang trí trên y phục Cơ Tu, Chương IV: B...
Shranjeno v:
| Glavni avtor: | |
|---|---|
| Format: | Knjiga |
| Jezik: | Undetermined |
| Izdano: |
Hà Nội
Dân Trí
2010
|
| Teme: | |
| Oznake: |
Označite
Brez oznak, prvi označite!
|
| Thư viện lưu trữ: | Trung tâm Học liệu Trường Đại học Cần Thơ |
|---|
| LEADER | 01145nam a2200205Ia 4500 | ||
|---|---|---|---|
| 001 | CTU_164075 | ||
| 008 | 210402s9999 xx 000 0 und d | ||
| 082 | |a 746 | ||
| 082 | |b V312 | ||
| 100 | |a Trần, Tấn Vịnh | ||
| 245 | 0 | |a Nghề dệt và trang phụ cổ truyện của dân tộc Cơ Tu tỉnh Quảng Nam | |
| 245 | 0 | |c Trần Tấn Vịnh | |
| 260 | |a Hà Nội | ||
| 260 | |b Dân Trí | ||
| 260 | |c 2010 | ||
| 520 | |a Nội dung sách bao gồm: Khái quát chung, Chương I: Nghề dệt cổ truyền của dân tộc Cơ tu, Chương II: Trang phục cổ truyền của dân tộc Cơ Tu, Chương III: Nghệ thuật trang sức và hệ thống biểu tượng trong trang trí trên y phục Cơ Tu, Chương IV: Bảo tồn và phát huy nghề dệt và trang phục dân tộc Cơ Tu. | ||
| 650 | |a Textile crafts,Dệt thủ công | ||
| 650 | |z Vietnam,Việt Nam | ||
| 904 | |i HPTVi,Qhieu Tuyến sửa số pl 746.597 thành 746, chưa in nhãn) | ||
| 980 | |a Trung tâm Học liệu Trường Đại học Cần Thơ | ||